Combien de ville de l'Aube (10) connais-tu ? - Statistiques

Statistiques générales
  • Ce quiz a été pris 55 fois
  • Le résultat moyen est 29 sur 431
Statistiques - réponses
Code postal Ville % Correct
10000 Troyes
100%
10030 Bar-sur-Aube
68%
10300 Sainte-Savine
64%
10120 Saint-André-les-Vergers
59%
10105 Romilly-sur-Seine
55%
10410 Saint-Parres-aux-Tertres
55%
10110 Bar-sur-Seine
50%
10400 Nogent-sur-Seine
50%
10600 Barberey-Saint-Sulpice
41%
10270 Lusigny-sur-Barse
41%
10210 Chaource
36%
10150 Pont-Sainte-Marie
36%
10260 Saint-Parres-lès-Vaudes
36%
10700 Arcis-sur-Aube
32%
10200 Dolancourt
32%
10220 Piney
32%
10800 Saint-Julien-les-Villas
32%
10500 Brienne-le-Château
27%
10430 Rosières-près-Troyes
27%
10260 Rumilly-lès-Vaudes
27%
10120 Saint-Germain
27%
10180 Saint-Lyé
27%
10140 Amance
23%
10450 Bréviandes
23%
10800 Buchères
23%
10190 Estissac
23%
10350 Marigny-le-Châtel
23%
10170 Méry-sur-Seine
23%
10600 Payns
23%
10150 Sainte-Maure
23%
10260 Vaudes
23%
10140 Vendeuvre-sur-Barse
23%
10320 Bouilly
18%
10602 Chapelle-Saint-Luc
18%
10390 Clérey
18%
10500 Dienville
18%
10130 Ervy-le-Châtel
18%
10360 Essoyes
18%
10400 Ferreux-Quincey
18%
10200 Fontaine
18%
10280 Fontaine-les-Grès
18%
10700 Lhuître
18%
10510 Maizières-la-Grande-Paroisse
18%
10170 Mesgrigny
18%
10400 Pont-sur-Seine
18%
10400 Saint-Aubin
18%
10800 Saint-Léger-près-Troyes
18%
10280 Saint-Mesmin
18%
10130 Saint-Phal
18%
10120 Saint-Pouange
18%
10371 Villenauxe-la-Grande
18%
10200 Arsonval
14%
10150 Aubeterre
14%
10140 Bossancourt
14%
10220 Brévonnes
14%
10150 Charmont-sous-Barbuise
14%
10100 Crancey
14%
10150 Creney-près-Troyes
14%
10360 Cunfin
14%
10150 Feuges
14%
10150 Lavau
14%
10110 Magnant
14%
10230 Mailly-le-Camp
14%
10300 Montgueux
14%
10800 Moussey
14%
10220 Onjon
14%
10510 Origny-le-Sec
14%
10170 Orvilliers-Saint-Julien
14%
10100 Ossey-les-Trois-Maisons
14%
10110 Polisy
14%
10340 Riceys
14%
10500 Saint-Léger-sous-Brienne
14%
10600 Savières
14%
10320 Souligny
14%
10400 Traînel
14%
10140 Trannes
14%
10140 Vauchonvilliers
14%
10390 Verrières
14%
10260 Villemoyenne
14%
10200 Ailleville
9%
10200 Bligny
9%
10110 Bourguignons
9%
10500 Brienne-la-Vieille
9%
10110 Celles-sur-Ource
9%
10140 Champ-sur-Barse
9%
10260 Chappes
9%
10170 Chauchigny
9%
10330 Chavanges
9%
10200 Colombé-la-Fosse
9%
10320 Crésantignes
9%
10240 Dampierre
9%
10190 Dierrey-Saint-Julien
9%
10190 Dierrey-Saint-Pierre
9%
10170 Droupt-Saint-Basle
9%
10170 Droupt-Sainte-Marie
9%
10350 Échemines
9%
10200 Éclance
9%
10500 Épothémont
9%
10110 Fralignes
9%
10270 Fresnoy-le-Château
9%
10100 Gélannes
9%
10700 Herbisse
9%
10330 Jasseines
9%
10200 Jaucourt
9%
10320 Javernant
9%
10140 Jessains
9%
10320 Jeugny
9%
10500 Lesmont
9%
10300 Macey
9%
10140 Magny-Fouchard
9%
10600 Mergey
9%
10140 Mesnil-Saint-Père
9%
10240 Nogent-sur-Aube
9%
10700 Nozay
9%
10700 Ormes
9%
10350 Pavillon-Sainte-Julie
9%
10380 Plancy-l'Abbaye
9%
10700 Pouan-les-Vallées
9%
10350 Prunay-Belleville
9%
10500 Radonvilliers
9%
10240 Ramerupt
9%
10700 Saint-Étienne-sous-Barbuise
9%
10350 Saint-Lupien
9%
10800 Saint-Thibault
9%
10700 Semoine
9%
10320 Sommeval
9%
10200 Spoy
9%
10700 Torcy-le-Grand
9%
10440 Torvilliers
9%
10140 Unienville
9%
10190 Vauchassis
9%
10600 Villacerf
9%
10110 Villemorien
9%
10140 Villeneuve-au-Chêne
9%
10200 Ville-sur-Terre
9%
10150 Voué
9%
10160 Aix-Villemaur-Pâlis
5%
10700 Allibaudières
5%
10200 Arconville
5%
10200 Arrentières
5%
10220 Assencières
5%
10130 Auxon
5%
10240 Avant-lès-Ramerupt
5%
10340 Bagneux-la-Fosse
5%
10330 Balignicourt
5%
10210 Balnot-la-Grange
5%
10110 Balnot-sur-Laignes
5%
10400 Barbuise
5%
10310 Bayel
5%
10190 Bercenay-en-Othe
5%
10200 Bergères
5%
10170 Bessy
5%
10140 Beurey
5%
10800 Bordes-Aumont
5%
10110 Buxeuil
5%
10130 Chamoy
5%
10700 Chapelle-Vallon
5%
10110 Chauffour-lès-Bailly
5%
10700 Chêne
5%
10190 Chennegy
5%
10260 Courtenot
5%
10210 Cussangy
5%
10110 Éguilly-sous-Bois
5%
10290 Faux-Villecerf
5%
10400 Fontaine-Mâcon
5%
10360 Fontette
5%
10190 Fontvannes
5%
10260 Fouchères
5%
10220 Géraudot
5%
10210 Granges
5%
10400 Gumery
5%
10250 Gyé-sur-Seine
5%
10240 Isle-Aubigny
5%
10800 Isle-Aumont
5%
10120 Laines-aux-Bois
5%
10110 Landreville
5%
10210 Lantages
5%
10200 Lignol-le-Château
5%
10320 Lirey
5%
10110 Loches-sur-Ource
5%
10140 Loge-aux-Chèvres
5%
10210 Loges-Margueron
5%
10310 Longchamp-sur-Aujon
5%
10500 Maizières-lès-Brienne
5%
10160 Maraye-en-Othe
5%
10290 Marcilly-le-Hayer
5%
10400 Marnay-sur-Seine
5%
10110 Marolles-lès-Bailly
5%
10210 Metz-Robert
5%
10200 Meurville
5%
10270 Montaulin
5%
10270 Montiéramey
5%
10200 Montier-en-l'Isle
5%
10400 Montpothier
5%
10270 Montreuil-sur-Barse
5%
10500 Morvilliers
5%
10400 Motte-Tilly
5%
10250 Mussy-sur-Seine
5%
10250 Neuville-sur-Seine
5%
10160 Paisy-Cosdon
5%
10330 Pars-lès-Chavanges
5%
10100 Pars-lès-Romilly
5%
10500 Perthes-lès-Brienne
5%
10700 Poivres
5%
10110 Poligny
5%
10110 Polisot
5%
10210 Praslin
5%
10200 Proverville
5%
10190 Prugny
5%
10130 Racines
5%
10170 Rhèges
5%
10280 Rilly-Sainte-Syre
5%
10440 Rivière-de-Corps
5%
10500 Rothière
5%
10800 Rouilly-Saint-Loup
5%
10200 Rouvres-les-Vignes
5%
10180 Saint-Benoît-sur-Seine
5%
10350 Saint-Flavy
5%
10100 Saint-Hilaire-sous-Romilly
5%
10320 Saint-Jean-de-Bonneval
5%
10330 Saint-Léger-sous-Margerie
5%
10100 Saint-Loup-de-Buffigny
5%
10100 Saint-Martin-de-Bossenay
5%
10700 Saint-Remy-sous-Barbuise
5%
10700 Salon
5%
10400 Saulsotte
5%
10400 Soligny-les-Étangs
5%
10200 Soulaines-Dhuys
5%
10140 Thieffrain
5%
10700 Torcy-le-Petit
5%
10290 Trancault
5%
10210 Turgy
5%
10200 Urville
5%
10150 Vailly
5%
10170 Vallant-Saint-Georges
5%
10240 Verricourt
5%
10380 Viâpres-le-Petit
5%
10500 Ville-aux-Bois
5%
10410 Villechétif
5%
10800 Villemereuil
5%
10130 Villeneuve-au-Chemin
5%
10320 Villery
5%
10310 Ville-sous-la-Ferté
5%
10110 Ville-sur-Arce
5%
10210 Villiers-sous-Praslin
5%
10110 Viviers-sur-Artaut
5%
10210 Vougrey
5%
10500 Yèvres-le-Petit
5%
10140 Argançon
0%
10340 Arrelles
0%
10330 Arrembécourt
0%
10320 Assenay
0%
10240 Aulnay
0%
10400 Avant-lès-Marcilly
0%
10340 Avirey-Lingey
0%
10290 Avon-la-Pèze
0%
10130 Avreuil
0%
10330 Bailly-le-Franc
0%
10200 Baroville
0%
10290 Bercenay-le-Hayer
0%
10130 Bernon
0%
10110 Bertignolles
0%
10160 Bérulle
0%
10500 Bétignicourt
0%
10500 Blaincourt-sur-Aube
0%
10500 Blignicourt
0%
10380 Boulages
0%
10270 Bouranton
0%
10290 Bourdenay
0%
10220 Bouy-Luxembourg
0%
10400 Bouy-sur-Orvin
0%
10340 Bragelogne-Beauvoir
0%
10500 Braux
0%
10140 Briel-sur-Barse
0%
10240 Brillecourt
0%
10190 Bucey-en-Othe
0%
10110 Buxières-sur-Arce
0%
10110 Chacenay
0%
10500 Chaise
0%
10500 Chalette-sur-Voire
0%
10700 Champfleury
0%
10200 Champignol-lez-Mondeville
0%
10700 Champigny-sur-Aube
0%
10340 Channes
0%
10290 Charmoy
0%
10380 Charny-le-Bachot
0%
10210 Chaserey
0%
10510 Châtres
0%
10240 Chaudrey
0%
10500 Chaumesnil
0%
10110 Chervey
0%
10210 Chesley
0%
10130 Chessy-les-Prés
0%
10240 Coclois
0%
10200 Colombé-le-Sec
0%
10800 Cormost
0%
10500 Courcelles-sur-Voire
0%
10400 Courceroy
0%
10130 Coursan-en-Othe
0%
10130 Courtaoult
0%
10270 Courteranges
0%
10250 Courteron
0%
10210 Coussegrey
0%
10200 Couvignon
0%
10500 Crespy-le-Neuf
0%
10130 Croûtes
0%
10130 Davrey
0%
10240 Dommartin-le-Coq
0%
10330 Donnement
0%
10220 Dosches
0%
10700 Dosnon
0%
10130 Eaux-Puiseaux
0%
10200 Engente
0%
10500 Épagne
0%
10210 Étourvy
0%
10170 Étrelles-sur-Aube
0%
10290 Fay-lès-Marcilly
0%
10320 Fays-la-Chapelle
0%
10400 Fontenay-de-Bossery
0%
10100 Fosse-Corduan
0%
10200 Fravaux
0%
10200 Fresnay
0%
10200 Fuligny
0%
10170 Grandes-Chapelles
0%
10700 Grandville
0%
10500 Hampigny
0%
10330 Joncreuil
0%
10260 Jully-sur-Sarce
0%
10310 Juvancourt
0%
10140 Juvanzé
0%
10500 Juzanvigny
0%
10210 Lagesse
0%
10500 Lassicourt
0%
10270 Laubressel
0%
10330 Lentilles
0%
10200 Lévigny
0%
10130 Lignières
0%
10210 Loge-Pomblin
0%
10320 Longeville-sur-Mogne
0%
10140 Longpré-le-Sec
0%
10240 Longsols
0%
10170 Longueville-sur-Aube
0%
10400 Louptière-Thénard
0%
10150 Luyères
0%
10320 Machy
0%
10240 Magnicourt
0%
10140 Maison-des-Champs
0%
10210 Maisons-lès-Chaource
0%
10200 Maisons-lès-Soulaines
0%
10130 Marolles-sous-Lignières
0%
10500 Mathaux
0%
10320 Maupas
0%
10400 Mériot
0%
10110 Merrey-sur-Arce
0%
10700 Mesnil-la-Comtesse
0%
10240 Mesnil-Lettre
0%
10190 Mesnil-Saint-Loup
0%
10220 Mesnil-Sellières
0%
10190 Messon
0%
10500 Molins-sur-Aube
0%
10260 Montceaux-lès-Vaudes
0%
10130 Montfey
0%
10130 Montigny-les-Monts
0%
10140 Montmartin-le-Haut
0%
10330 Montmorency-Beaufort
0%
10150 Montsuzain
0%
10240 Morembert
0%
10190 Neuville-sur-Vanne
0%
10360 Noé-les-Mallets
0%
10420 Noës-près-Troyes
0%
10160 Nogent-en-Othe
0%
10700 Ortillon
0%
10210 Pargues
0%
10500 Pel-et-Der
0%
10400 Périgny-la-Rose
0%
10500 Petit-Mesnil
0%
10250 Plaines-Saint-Lange
0%
10160 Planty
0%
10400 Plessis-Barbuise
0%
10240 Pougy
0%
10290 Pouy-sur-Vannes
0%
10500 Précy-Notre-Dame
0%
10500 Précy-Saint-Martin
0%
10170 Prémierfait
0%
10210 Prusy
0%
10140 Puits-et-Nuisement
0%
10500 Rances
0%
10290 Rigny-la-Nonneuse
0%
10160 Rigny-le-Ferron
0%
10320 Roncenay
0%
10500 Rosnay-l'Hôpital
0%
10220 Rouilly-Sacey
0%
10410 Ruvigny
0%
10160 Saint-Benoist-sur-Vanne
0%
10500 Saint-Christophe-Dodinicourt
0%
10160 Saint-Mards-en-Othe
0%
10700 Saint-Nabord-sur-Aube
0%
10400 Saint-Nicolas-la-Chapelle
0%
10170 Saint-Oulph
0%
10360 Saint-Usage
0%
10200 Saulcy
0%
10410 Thennelières
0%
10200 Thil
0%
10200 Thors
0%
10700 Trouans
0%
10220 Val-d'Auzon
0%
10500 Vallentigny
0%
10210 Vallières
0%
10210 Vanlay
0%
10240 Vaucogne
0%
10700 Vaupoisson
0%
10800 Vendue-Mignot
0%
10200 Vernonvilliers
0%
10360 Verpillières-sur-Ource
0%
10290 Villadin
0%
10350 Villeloup
0%
10160 Villemoiron-en-Othe
0%
10400 Villeneuve-au-Châtelot
0%
10330 Villeret
0%
10700 Villette-sur-Aube
0%
10700 Villiers-Herbisse
0%
10210 Villiers-le-Bois
0%
10140 Villy-en-Trodes
0%
10800 Villy-le-Bois
0%
10800 Villy-le-Maréchal
0%
10700 Vinets
0%
10260 Virey-sous-Bar
0%
10110 Vitry-le-Croisé
0%
10200 Voigny
0%
10130 Vosnon
0%
10160 Vulaines
0%
Aucun quiz correspondant
Distribution des résultats
% des personnes avec chaque résultat
Percentile par nombre de réponses
Votre historique - résultats
Vous n’avez pas pris ce quiz